College Football General Knowledge Quiz #3 - Statistics

General Stats
  • This quiz has been taken 54 times
  • The average score is 14 of 20
Answer Stats
Hint Answer % Correct
What does the "LV" stand for in "UNLV"? Las Vegas
98%
What school had the #1 recruiting class in the country and went 5-7? Texas A&M
96%
Who replaced Jalen Hurts at halftime of the 2018 National Championship Game? Tua Tagovailoa
93%
In what state would you find Northwestern University? Illinois
91%
What is it called when a player is taken out of games for one year either to develop skill or to retain a year of eligibility? Redshirt
89%
What two receivers helped Joe Burrow lead LSU to a National Championship during the 2019 season? Ja'Marr Chase
84%
What two receivers helped Joe Burrow lead LSU to a National Championship during the 2019 season? Justin Jefferson
82%
What school plays in a stadium nicknamed "The Horseshoe?" Ohio State
82%
Other than Georgia, name a school Kirby Smart has coached at Alabama, Florida State, LSU, Valdosta State
80%
What Division I team is located in Orlando, FL? Central Florida
80%
What does ACC stand for? Atlantic Coast Conference
78%
What former Oklahoma State runningback holds the record for most rushing yards in a single season? Barry Sanders
76%
A winner of the Biletnikoff Award would play what position? Wide Receiver
64%
What school created the "Turnover Chain?" Miami (FL)
62%
What Texas school was famously punished severely for recruiting violations during 1985 and 1986? Southern Methodist
62%
Who is the all-time leading rusher in Auburn history? Bo Jackson
60%
Who are the only two freshmen to win the Heisman Trophy? Johnny Manziel
58%
What "College GameDay" host played college football at Florida State? Lee Corso
33%
What school won the first BCS National Championship Game during the 1998-1999 season? Tennessee
33%
Who are the only two freshmen to win the Heisman Trophy? Jameis Winston
18%
No matching quizzes found
Score Distribution
Percent of People with Each Score
Percentile by Number Answered
Your Score History
You have not taken this quiz